Stacje kolejowe Gorzowa Wielkopolskigo na mapie - Statystyki

Ogólne statystyki
  • Ten quiz został rozwiązany 24 razy
  • Średni wynik to 5 z 6
Odpowiedzi na mapie
Odpowiedzi zakodowano w zielono-czerwonej skali na mapie do tego quizu, zgodnie z poniższymi procentami.
 
Statystyki odpowiedzi
Odpowiedź % Poprawnych
Gorzów Wielkopolski
100%
Gorzów Wielkopolski Wschodni
95%
Gorzów Wielkopolski Zamoście
89%
Gorzów Wielkopolski Wieprzyce
79%
Gorzów Wielkopolski Zieleniec
79%
Gorzów Wielkopolski Karnin
74%
Nie znaleziono quizów pasujących do podanych kryteriów
Rozkład punktacji
Procent ludzi z każdym wynikiem
Percentyl według liczby udzielonych odpowiedzi
Twoja historia wyników
Nie rozwiązałeś tego quizu